Secularism and Muslim democracy in Turkey (Record no. 5190)

MARC details
000 -BAŞLIK
Sabit Uzunlukta Kontrol Alanı 00815na a2200277 4500
001 - KONTROL NUMARASI
Denetim Alanı 23386
003 - KONTROL NUMARASI IDENTIFIER
Denetim Alanı MIRAKIL
005 - SON İŞLEM TARİHİ VE ZAMANI
Denetim Alanı 20181213155030.0
008 - SABİT-BOY VERİ ELEMANLARI - GENEL BİLGİLER
Sabit Uzunlukta Kontrol Alanı 170920b tu 000 0
020 ## - ULUSLARARASI STANDART KİTAP NUMARASI
Uluslararası Standart Kitap Numarası 9780521717328
040 ## - KATALOGLAMA KAYNAK
Orijinal Kataloglama Ajansı Milas
Kataloglama Dili tur
Metne Dönüştürmek Ajansı TR-AnCHP
041 ## - DİL KODU
Metin / Ses Parça Veya Ayrı Başlığın Dil Kodu eng
082 ## - DEWEY ONLU SINIFLANDIRMA NUMARASI
Sınıflandırma Numarası 324.2561
Ürün Numarası Y28s 2009
090 ## - SINIFLAMA NUMARASI
Sınıflama Numarası 324.2561 Y28s 2009
100 ## - ANA GİRİŞ - KİŞİSEL İSİM
Kişisel Ad Yavuz, M.Hakan
245 ## - BAŞLIK TABLOSU
Başlık Secularism and Muslim democracy in Turkey
Sorumluluk Tablosu, Vb M. Hakan Yavuz
260 ## - YAYIN, DAĞITIM, VB
Yayın, Dağıtım, Vb Yeri Cambridge
Yayıncı, Dağıtıcı, Vs Adı Cambridge University Press
Yayın, Dağıtım, Vb Tarihi 2009
300 ## - FİZİKSEL TANIM
Kapsam xv, 301 s.
Boyutlar 23 sm.
440 ## - SERİSİ TABLOSU / KATMA GİRİŞİ - BAŞLIK
Başlık Cambridge Middle East studies
Hacim / Ardışık Tanımı 28
504 ## - KAYNAKÇA VB NOT
Kaynakça Vb Notu Kaynakça ve dizin var.
650 ## - KONU KATMA GİRİŞ - TOPİKAL DÖNEM
Topikal Süreli Veya Coğrafi Ad Giriş Elemanı Laiklik
Genel Alt Bölümü Türkiye
Kronolojik Alt Bölümü 21. yüzyıl
650 ## - KONU KATMA GİRİŞ - TOPİKAL DÖNEM
Topikal Süreli Veya Coğrafi Ad Giriş Elemanı İslam ve siyaset
Genel Alt Bölümü Türkiye
650 ## - KONU KATMA GİRİŞ - TOPİKAL DÖNEM
Topikal Süreli Veya Coğrafi Ad Giriş Elemanı AKP
Genel Alt Bölümü Türkiye
650 ## - KONU KATMA GİRİŞ - TOPİKAL DÖNEM
Topikal Süreli Veya Coğrafi Ad Giriş Elemanı Siyaset ve yönetim
Genel Alt Bölümü Türkiye
942 ## - EKLENDİ GİRİŞ ELEMANLARI (KOHA)
Sınıflandırma Veya Raf Düzeni Kaynak Dewey Decimal Classification
Koha Öğesi Türü Books
999 ## - SİSTEM KONTROL NUMARALARI (KOHA)
Koha Biblionumber 5190
Koha Biblioitemnumber 5190
Holdings
Kalıcı Konum Mevcut Konum Edinme Tarihi Edinim Kaynak Toplam Check-Out'Lar Tam Çağrı Numarası Barkod Tarih Son Görülme İtibaren Geçerli Fiyatlar Koha Öğesi Türü
CHP Kütüphanesi CHP Kütüphanesi 09/20/2017 Bağış   324.2561 Y28s 2009 017369 09/20/2017 09/20/2017 Books